Fyzikální chemie makromolekulárních a koloidních soustav
Gespeichert in:
| 1. Verfasser: | |
|---|---|
| Format: | Buch |
| Sprache: | Tschechisch |
| Veröffentlicht: |
Praha
VŠCHT
2008
|
| Ausgabe: | 3. vyd. |
| Schlagworte: | |
| Online-Zugang: | Im OPAC anzeigen |
| Tags: |
Keine Tags, Fügen Sie das erste Tag hinzu!
|
MARC
| LEADER | 00000nam a2200000 a 4500 | ||
|---|---|---|---|
| 005 | 20260127134257.0 | ||
| 008 | 080429 2001 xr 000 0 cze d | ||
| 020 | |a 9788070806746 | ||
| 035 | |a vtls009290479 | ||
| 039 | 9 | |y 200804291103 |z mschk02 | |
| 040 | |a STUSCHK1 |b slo |c STUSCHK1 |e AACR2 | ||
| 080 | |a 541.1(075.8) | ||
| 100 | 1 | |a Pouchlý, Julius, |d 1927- |9 664 | |
| 245 | 1 | |a Fyzikální chemie makromolekulárních a koloidních soustav | |
| 250 | |a 3. vyd. | ||
| 260 | |a Praha |b VŠCHT |c 2008 | ||
| 300 | |a 205 s. | ||
| 650 | 0 | |a fyzikální chemie makromolekulárních a koloidních soustav | |
| 910 | |a SCHK95 | ||
| 919 | |a 978-80-7080-674-6 | ||
| 999 | |c 8551 |d 8551 | ||